000 04644cam a2200313 i 4500
001 18417213
003 OSt
005 20240530110924.0
008 141219s2008 sp ah f 001 0 eng
020 _a9788496424715
040 _cOCLC
082 0 4 _221
_a747.8591/
_bKT
100 1 _aKrauel, Jacobo
245 0 0 _aTrade Show Design /
_c Author Jacobo Krauel
264 1 _aSpain :
_bCarles Broto,
_c2008.
300 _a239 p. :
_b ill;
_c31 .cm
336 _atext
_btxt
_2rdacontent
336 _astill image
_2rdacontent
337 _aunmediated
_bn
_2rdamedia
338 _avolume
_bnc
_2rdacarrier
500 _aIncludes index.
504 _aIncludes index.
505 0 _aDiscovering objects : Enzo Ferrari House Museum / Shiro Studio -- Joana Vasconcelos Versailles / Unidade Infinita Projectos -- Porsche Pavilion / hg merz architekten museumsgestalter & jangled nerves -- MUDE: 22 yrs of design at FAUL / Marco Rocha, architect, Mário Ribeiro, curator -- i-land for the Russian Pavilion / Speech Tchoban & Kuznetsov -- Swiss Pavilion World Expo 2010 / element GmbH design & scenography -- Keep it Glassy / Coordination Asia -- Ding Raum MMK / Meixner Schlüter Wendt Architekten -- The Warhol Temporary Museum / LIKEarchitects -- Kusch+Co: past, present, future / Atelier Brückner GmbH -- Porsche Museum / hg merz architekten museumsgestalter -- Erwin Hymer Museum / Milla & Partner -- 100 beste Plakate '10 / Büro Münzing -- Helvetia Club / ZMIK Studio for Spacial Design -- Ruhr Museum / hg merz architekten museumsgestalter -- Stimulating senses : Hirata No Boshi / Nendo -- Meet Design: Around the World / Migliore+Servetto Architects -- 100 Colors / emmanuelle moureaux -- Haus Vertigo / Christl Mudrak -- Rotemartha / Martin Pfeifle -- Sasso San Gottardo / Holzer Kobler Architekten -- Serafini Fair Stand / atelier 522 GmbH -- Seconda Pelle / Fabio Novembre -- Watermarks / Studio Bonner -- Souto de Moura: competitions / R2 Design -- Kampf um die Stadt / BWM Architekten und Partner -- SO 100 at Zezeze Gallery / SO Architecture -- Baukultur Made in Germany / J.Mayer H. Architects -- International Maritime Museum / Kwod Design, MS Architektur + Design, Holger von Neuhoff -- Design and Fashion Museum / Ricardo Cavalho + Joana Vilhena Arquitectos -- Visualizing information : Building / Studio Gang Architects -- Museum Luthers Sterbehaus / neo.studio neumann schneider architekten -- KOGEI Triennale Pre-event / Nendo -- German Sports Hall of Fame / echo ))) kommunikation im raum -- The Floating Skeleton and Whirl / WY-TO PTE Ltd -- Katz & Hund, literarisch / element GmbH design & scenography -- Dip in Space / HEAD, Genève -- TIP TOP, German Design Loft / J.Mayer H. Architects -- Liceu Ópera Barcelona Exhibit / Cadaval & Solà-Morales -- Samsung, IFA Berlin 2009 / Schmidhuber -- Architekturwelten / nps tchoban voss -- Mis Estrellas, Mis Etoiles / Hernando Barragán -- Fair stand: Ritzenhoff / Hadi Teherani AG -- Lisbon Architecture Triennale / Cláudio Vilarinho -- Museum prototype / DFZ Architekten -- Telling stories : Shanghai Film Museum / Coordination Asia -- MIgrating Landscapes / 5468796 Architecture + Jae-Sung Chon -- DIRIMART Gallery / Peter Kogler -- Multimedia Exhibition Lsx20 -- Projektpilot EuroShop 2008 / D'art Design Gruppe -- Weapons for the Gods / Büro Münzing -- 250 Jahre Rechnungshof / BWM Architekten und Partner -- Spontaneous Interventions / Freecell Architecture -- Off the Wall / Studio ST Architects & Z-A Studio -- Steve McCurry / Fabio Novembre -- KOGEI Triennale / Nendo -- Ausstellungspavilion / pilzarchitektur -- Odin / Snarkitecture -- Head-in / magma architecture -- sparkling bubbles / emmanuelle moureaux.
520 _aSuccessful exhibition design is more than the presentation of products, objects and ideas, going beyond the mere conveyance of information related to them. A functioning concept must contribute to a deeper understanding. It must also tell a story. The basic and defining concept is to not only allow but to actually initiate communication and interaction between the exhibit and the observer. The interdisciplinary fusion of architecture, graphic design, digital media, and interior design, occasionally even including scenographic elements gives creativity a very large space to bloom. The permanent and contemporary projects presented in this volume include museums and art exhibitions, installations, as well as the presentation of products at fair booths and in show rooms.
650 0 _aExhibitions.
650 0 _aTrade shows
_xExhibition techniques.
650 0 _aArchitecture, Modern
_y21st century
_vExhibitions.
942 _2ddc
_cBK
999 _c66533
_d66533